District administration : (Record no. 124309)
[ view plain ]
| 000 -LEADER | |
|---|---|
| fixed length control field | 00846nam a22002537a 4500 |
| 005 - DATE AND TIME OF LATEST TRANSACTION | |
| control field | 20170124105937.0 |
| 010 ## - LIBRARY OF CONGRESS CONTROL NUMBER | |
| LC control number | 813115 |
| 020 ## - INTERNATIONAL STANDARD BOOK NUMBER | |
| Terms of availability | 00.00 |
| 035 ## - SYSTEM CONTROL NUMBER | |
| System control number | 813115 |
| 037 ## - SOURCE OF ACQUISITION | |
| Source of stock number/acquisition | Cen Lib/Ret |
| 040 ## - CATALOGING SOURCE | |
| Original cataloging agency | DPL |
| Language of cataloging | EN |
| 082 ## - DEWEY DECIMAL CLASSIFICATION NUMBER | |
| Classification number | 354.54 |
| Item number | ISH |
| 100 ## - MAIN ENTRY--PERSONAL NAME | |
| Personal name | Ishwar, Dayal |
| 9 (RLIN) | 10304 |
| 245 ## - TITLE STATEMENT | |
| Title | District administration : |
| Statement of responsibility, etc | by Ishwar Dayal, Kuldeep Mathur [and] Mohit Bhattacharya |
| Remainder of title | a survey for reorganisation / |
| 260 ## - PUBLICATION, DISTRIBUTION, ETC. (IMPRINT) | |
| Name of publisher, distributor, etc | New Delhi |
| Place of publication, distribution, etc | The Macmillian Company |
| Date of publication, distribution, etc | 1976 |
| 270 ## - ADDRESS | |
| Address | A-38/3 Mayapuri |
| City | New Delhi |
| Postal code | 110027 |
| 300 ## - PHYSICAL DESCRIPTION | |
| Extent | vii,91p. |
| Dimensions | 20cm(Hb) |
| 500 ## - GENERAL NOTE | |
| General note | Includes bibliographic references and index |
| 650 ## - SUBJECT ADDED ENTRY--TOPICAL TERM | |
| Form subdivision | District administration |
| 9 (RLIN) | 57275 |
| 650 ## - SUBJECT ADDED ENTRY--TOPICAL TERM | |
| Topical term or geographic name as entry element | Administration of economy |
| 9 (RLIN) | 10306 |
| 700 ## - ADDED ENTRY--PERSONAL NAME | |
| Personal name | Mathur, Kuldeep |
| 9 (RLIN) | 57276 |
| 700 ## - ADDED ENTRY--PERSONAL NAME | |
| Personal name | Bhattacharya, Mohit |
| 9 (RLIN) | 15422 |
| 942 ## - ADDED ENTRY ELEMENTS (KOHA) | |
| Source of classification or shelving scheme | Dewey Decimal Classification |
| Koha item type | English Books |
| Classification part | 354.54 |
| Call number suffix | ISH |
| Withdrawn status | Lost status | Damaged status | Not for loan | Home library | Current library | Date acquired | Source of acquisition | Cost, normal purchase price | Total Checkouts | Full call number | Barcode | Date last seen | Copy number | Cost, replacement price | Price effective from | Koha item type | Public note |
|---|---|---|---|---|---|---|---|---|---|---|---|---|---|---|---|---|---|
| Written off | Central Library | Central Library | 15/06/2015 | Cen Lib/Ret | 0.00 | 354.54 ISH | 813115 | 15/06/2015 | 1 | 0.00 | 15/06/2015 | English Books | W/d List No. 6887/9 ; dtd 09/09/2020 |
